| 000 | 00601nam a22001937a 4500 | ||
|---|---|---|---|
| 999 |
_c17644 _d17644 |
||
| 008 | 190516b xxu||||| |||| 00| 0 eng d | ||
| 020 | _a1551112191 | ||
| 040 |
_aKABU _cKABU |
||
| 050 |
_aHQ1190 _b.O94 1998 c. 1 |
||
| 100 | _aOverall, Christine | ||
| 245 |
_aA feminist I _breflections from academia _cChristine Overall |
||
| 260 |
_aNew York, USA _bBroadview Press, LTD _c1998 |
||
| 300 | _a214 p. | ||
| 650 | _aFeminist theory | ||
| 650 |
_aUniversities and colleges _xMoral and ethical aspects |
||
| 650 | _aKnowledge, Theory of. | ||
| 650 | _aAutobiography | ||
| 942 |
_2lcc _cBK _hHQ1190 |
||